| 000 | 00665nam a22001937a 4500 | ||
|---|---|---|---|
| 999 |
_c18361 _d18361 |
||
| 003 | AR-CdUCM | ||
| 008 | 190513b ||||| |||| 00| 0 spa d | ||
| 040 |
_aMUNICIPALIDAD PROVINCIAL DEL CUSCO _cBIBLIOTECA MUNICIPAL DEL CUSCO |
||
| 082 |
_a818.32 / _bM26 |
||
| 100 |
_aMartín, Terence. _938894 |
||
| 245 | _aNathaniel Hawthorne / | ||
| 260 |
_c1976. _aBuenos Aires : _bPleamar, |
||
| 300 |
_a218 páginas ; _c21 cm. |
||
| 505 | _aContenido : Vida y obra -- El ámbito neutral de la ficción -- Los cuentos: método e imaginación -- Seis cuentos ... | ||
| 650 |
_aCuentos. _9217 |
||
| 650 |
_aFicción. _9184 |
||
| 942 |
_2ddc _cLIBROS |
||
| 945 |
_arum _d2019-05-13 |
||